Istilah ukur dan pemetaan : Bahasa Inggeris-Bahasa Malaysia, Bahasa Malaysia-Bahasa Inggeris

Bibliographic Details
Format: Book
Language:English
Published: Kuala Lumpur : Dewan Bahasa dan Pustaka 1991
Subjects:

MARC

LEADER 00000cam a2200000 7i4500
001 0000000574
005 20240912.0
008 991124 my eng
020 |a 9836226117 (pbk) 
040 |a INS   |b eng   |e rda 
090 0 0 |a RPL5087.3.C32   |b .I87 1991 
245 0 0 |a Istilah ukur dan pemetaan :   |b Bahasa Inggeris-Bahasa Malaysia, Bahasa Malaysia-Bahasa Inggeris 
264 1 |a Kuala Lumpur :   |b Dewan Bahasa dan Pustaka   |c 1991 
264 4 |c ©1991 
300 |a xxviii, 505 pages ;   |c 15 cm. 
336 |a text  |2 rdacontent 
337 |a unmediated  |2 rdamedia 
338 |a volume  |2 rdacarrier 
650 0 |a Bahasa Malaysia   |x English 
650 0 |a Cartography   |x Dictionaries   |x Malay 
650 0 |a English language   |x Dictionaries   |x Malay 
999 |a 0000004763   |b BOOK   |c Red Spot   |e Default branch 
999 |a 0000004798   |b BOOK   |c Red Spot   |e Default branch